000 00945nam a2200277 a 4500
001 000017904
003 DO-SdBNP
005 20171013120743.0
007 000017904
008 100407s2005 dr 001 0 spa d
020 _z9993439320
040 _aBPMSU
_bspa
_cBPMSU
082 4 _a972.93054
_bI43c
100 1 _aInfante, Fernando,
_d1935-
245 1 0 _aCronología histórica :
_b21 noviembre 1961- junio 1966 /
_cFernando Infante.
260 0 _aSanto Domingo :
_bLibrería la Trinitaria,
_c2005.
300 _a218 p. ;
_c23 cm.
500 _aIncluye datos biográficos del autor en las solapas.
500 _aIncluye índice onomástico.
590 _aLa biblioteca posee 2 ejemplar autografiado por el autor.
651 4 _aREPÚBLICA DOMINICANA
_xHISTORIA
_xCRONOLOGÍA
_y1961-
910 _aValidado. Control de calidad MFF
942 _2ddc
_cBK
945 _aInventariado / 2017 VM
956 _aVMATEO
_b10
_c20151104
_lBPMSU
_h00151
999 _c8537
_d8537